01873pam a2200337 i 4500999001700000001001000017003000900027005001700036008004100053020001800094040004500112082002000157100003100177245009600208250001900304264004100323300004600364336002600410337002800436338002700464490002600491500002800517504005100545520066100596650003001257650002501287653002501312655002401337942001201361952016201373 c28175d28146018235150EG-ScBUE20200224141705.0170215s2017 enka f b 001 0 eng d a9781137550507 aStDuBDSbengerdacStDuBDSdUkdEG-ScBUE04a153.42bCOT2221 aCottrell, Stella,eauthor.10aCritical thinking skills :beffective analysis, argument and reflection /cStella Cottrell. aThird edition. 1aLondon :bPalgrave Macmillan,c2017. axvi, 309 pages :billustrations ;c25 cm. atext2rdacontentbtxt aunmediated2rdamediabn avolume2rdacarrierbnc0 aPalgrave study guides aPrevious edition: 2011. aIncludes bibliographical references and index. a"Stella Cottrell's student-centered approach demystifies critical thinking and breaks down a complex subject into manageable chunks. With clear explanations, relevant examples and plenty of exercises throughout, this book helps students to develop their analytical reasoning skills and apply them to a range of tasks including reading, note-making and writing. This text will turn even the most hesitant student into a proficient critical thinker. This is an ideal companion for students of study skills, humanities, social sciences, business and arts programs, where assessment includes essay and report writing. It is suitable for students of all levels" 7aCritical thinking.2BUEsh 7aStudy skills.2BUEsh bCOMAMEcFebruary2020 vReading book934232 2ddccBB 00102ddc40708BaccahaMAINbMAINcLOWd2020-02-24ePurchaseg465.00l6m22o153.42 COTp000048831r2025-07-15 00:00:00s2023-09-24v581.25w2020-02-24yBB